000 00605pam a2200169 i 4500
005 20250901165411.0
008 800220s1980 cau b 001 0 eng
010 _a 79092469
020 _a0875894569
050 0 0 _aLC1035.6 .T75 1980
_b.T4
082 0 0 _a378/.199/0973
245 0 0 _aTeaching basic skills in college :
_b[a guide to objectives, skills assessment, course content, teaching methods, support services, and administration] /
_cAlice Stewart Trillin and associates.
250 _a1st ed.
260 _aSan Francisco :
_bJossey-Bass,
_cc1980.
300 _axix, 327 p. ;
_c24 cm.
942 _2ddc
999 _c3354
_d3354